Statystyki dla Jeden z Tych Tytułów jest Zmyślony -Gry Video

Kliknij tutaj aby rozwiązać quiz!

Ogólne statystyki

  • Ten quiz został rozwiązany 588 razy
  • Średni wynik to 7 z 20

Statystyki odpowiedzi

ZagadnienieOdpowiedź% Poprawnych
Need for SpeedNeed for Speed: Hit n' Run
68%
DoomDoom: Battle Out of Hell
57%
Assassin's CreedAssassin's Creed: Lost Memories
50%
WolfensteinEscape from Castle Wolfenstein
49%
UnchartedUncharted: Fate of Atlantis
48%
God of WarGod of War: Fallen Titan
40%
Far CryFar Cry: Vanguard
38%
BattlefieldBattlefield: Pacific Assault
36%
Grand Theft AutoGrand Theft Auto: San Andreas Stories
35%
Call of DutyCall of Duty: War Over Europe
33%
Final FantasyFinal Fantasy VII-2: Advent Child
33%
Silent HillSilent Hill: Point of no Return
33%
Half LifeHalf Life: Beyond Black Mesa
31%
Resident EvilResident Evil: The Last Survivor
31%
Tony Hawk's Pro SkaterTony Hawk's Tour of Destruction
31%
Sonic the HedgehogSonic Adventure 3
28%
Super Mario BrosSuper Mario Journey
28%
Crash BandicootCrash Bandicoot: Double Dash
23%
Legend of ZeldaLegend of Zelda: Oracle of Faith
21%
Street FighterSuper Street Fighter Gamma
20%

Rozkład punktacji

Percentyl według liczby udzielonych odpowiedzi

Procent ludzi z każdym wynikiem

Twoja historia wyników

Nie rozwiązałeś tego quizu